Научно - технический прогресс в новой системе социалистического хозяйствования: Промежуточный отчет о НИР; Тема : Заказ-наряд ТОМ-II

Bibliografiska uppgifter
Institutionell upphovsman: Томский политехнический институт (ТПИ)
Övriga upphovsmän: Нехорошев Ю. С. Юрий Сергеевич (руководитель), Еремин В. В. (исполнитель)
Språk:ryska
Publicerad: Томск, 1989
Ämnen:
Materialtyp: Bok
KOHA link:https://koha.lib.tpu.ru/cgi-bin/koha/opac-detail.pl?biblionumber=153654

MARC

LEADER 00000nbm0a2200000 4500
001 153654
005 20231031151457.0
029 0 0 |a SU  |b 01880052991  |f ТПУ 
035 |a (RuTPU)RU\TPU\book\166694 
090 |a 153654 
100 |a 20090214d1989 k y0rusy50 ca 
101 0 |a rus 
102 |a RU 
105 |a a p 000zy 
200 1 |a Научно - технический прогресс в новой системе социалистического хозяйствования  |e Промежуточный отчет о НИР  |e Тема : Заказ-наряд ТОМ-II  |f Томский политехнический институт (ТПИ) ; руководитель Ю. С. Нехорошев ; В. В. Еремин 
210 |a Томск  |d 1989 
215 |a 38 л. 
610 1 |a научно-технический прогресс 
610 1 |a социалистическое хозяйство 
610 1 |a стимулирование 
610 1 |a формы 
610 1 |a закономерности развития 
610 1 |a хозрасчет 
610 1 |a самофинансирование 
610 1 |a ускорение 
610 1 |a отчеты о НИР 
686 |a У9(2)0-551  |2 rubbk 
702 1 |a Нехорошев  |b Ю. С.  |c российский экономист  |c Заслуженный профессор ТПУ  |f 1930-  |g Юрий Сергеевич  |2 stltpush  |3 (RuTPU)RU\TPU\pers\19847  |4 673 
702 1 |a Еремин  |b В. В.  |4 677 
712 0 2 |a Томский политехнический институт (ТПИ)  |c (1944-1991)  |2 stltpush  |3 (RuTPU)RU\TPU\col\1123 
801 1 |a RU  |b 63413507  |c 20090214  |g PSBO 
801 2 |a RU  |b 63413507  |c 20130524  |g RCR 
942 |c BK